00324 a2200133 450000100060000002000150000604000240002110000210004524000410006624500360010730000070014336200090015065000310015969358 a8572084495 cAnchieta - Itaigara aSypriano, Lilian10aMãos ao alto! É um assalto!lpor10aMãos ao alto! É um assalto! a320 a2006 4aLiteratura infanto-juvenil